Rodičovský príspevok

Bibliographic Details
Main Author: Preisinger, Marián, JUDr (Author)
Format: Book
Language:Slovak
PhysicalDescription:46 strán 21 cm
Published: Bratislava Práca 1990
ISBN:807094255X
Edition:1. vyd.
Series:Servis
Subjects:

MARC

LEADER 00000cam a2200000 a 4500
001 vtls001067394
003 SK-MaSNL
005 20260301061919.0
008 240226s1990 xo grlgf 000 0 slo
015 |a SNBA1990/03 
020 |a 807094255X  |q (brožované) 
035 |a 99770C28-3B30-4304-B3F2-E1151AB414CA 
035 |a SNK000010224 
035 |a urn:nbn:sk:snk-am004r4z 
035 |a urn:nbn:sk:snk-amktxl 
040 |a SNK  |b slo  |c SNK  |e AACR2 
041 0 |a slo 
044 |a xo  |c SK 
072 7 |a 364.3  |x Sociálne poistenie. Zdravotné poistenie. Dôchodky  |2 konspekt 
080 |a 173.5-055.52  |2 2011 
080 |a 364.3-64  |2 2001 
080 |a (094.5)  |2 2011 
080 |a (035)  |2 2011 
100 1 |a Preisinger, Marián,  |c JUDr  |4 aut  |9 238587 
245 1 0 |a Rodičovský príspevok  |c Marián Preisinger 
250 |a 1. vyd. 
260 |a Bratislava  |b Práca  |c 1990 
300 |a 46 strán  |c 21 cm 
366 |e 10000 kusov 
490 1 |a Servis  |v zv. 6/90 
500 |a Poznámky na strane 44-46 
500 |a Obsahuje 2 kapitoly 
650 0 7 |a rodičovstvo  |2 SNKPH  |9 1600 
650 0 7 |a sociálne dávky  |2 SNKPH  |9 2157 
655 7 |a právne predpisy  |2 SNKPH  |9 70481 
655 7 |a príručky  |2 SNKPH  |9 74364 
740 0 2 |a Postavenie občanov v pracovnoprávnych vzťahoch v období starostlivosti o deti, ich hmotné zabezpečenie a finančná pomoc štátu 
740 0 2 |a Zákon o rodičovskom príspevku 
830 0 |a Servis  |9 375663 
852 |a Slovenská národná knižnica 
919 |a 80-7094-255-X 
954 |a odborná, vedecká literatúra pôvodná (slovenská)  |2 lita 
958 |a RK 
958 |a TL 
958 |a OND 
958 |a SP 
999 |c 618765  |d 620695 
952 |a SNK  |b SNK  |y VYP  |7 0  |p 17A0319901  |o snkSC 81191 D1  |i snkKSP 1640/92  |0 0  |1 0  |4 0  |d 2001-10-26  |f 1  |l 0  |r 2004-12-31 00:00:00  |w 2026-02-23 
952 |a SNK  |b SNK  |y PREZ  |7 0  |p 17A0982702  |o snkSC 81191  |0 0  |1 0  |4 0  |d 2012-08-14  |l 0  |r 2026-02-23 16:46:55  |w 2026-02-23